Growing Cities in Massachusetts - Statistics

General Stats
  • This quiz has been taken 32 times
  • The average score is 6 of 10
Answer Stats
Population Population Gained City % Correct
675,647 57,868 Boston
100%
206,518 25,626 Worcester
96%
118,403 13,248 Cambridge
74%
101,253 10,934 Lynn
74%
115,554 9,025 Lowell
70%
101,636 9,376 Quincy
67%
105,643 11,876 Brockton
59%
89,143 12,800 Lawrence
44%
62,186 10,471 Revere
37%
49,075 7,522 Everett
22%
No matching quizzes found
Score Distribution
Percent of People with Each Score
Percentile by Number Answered
Your Score History
You have not taken this quiz